La identidad a partir de la trayectoria laboral y espacial en la historia de la vida de un ferrocarrilero /

Es curioso hay quien ve actualmente el ferrocarril como un artificio del pasado, con la conciencia de que ya no es útil al desarrollo del país, hay quien ve en él un mundo un tanto marginal por el obvio rezago que puede observarse en sus equipos e instalaciones, hay quien sencillamente lo ha visto s...

Disgrifiad llawn

Wedi'i Gadw mewn:
Manylion Llyfryddiaeth
Prif Awdur: Roca, Lourdes
Awdur Corfforaethol: Universidad Autónoma de Puebla
Fformat: Texto
Iaith:Spanish
Cyhoeddwyd: Puebla: Editorial de la Red Nacional de Investigación Urbana
Pynciau:
Tagiau: Ychwanegu Tag
Dim Tagiau, Byddwch y cyntaf i dagio'r cofnod hwn!

MARC

LEADER 00000 a a2200000 04500
001 36869
003 cru CIDCACS/IIS
005 20170530153341.0
008 170530b xxu||||| |||| 00| 0 spa d
020 |a 968-6934-12-X  
040 |c CIDCACS/IIS 
090 |a 05.02.02 U58c  
100 1 |9 4934  |a Roca, Lourdes 
110 |a Universidad Autónoma de Puebla  
245 |a La identidad a partir de la trayectoria laboral y espacial en la historia de la vida de un ferrocarrilero /   |c Lourdes Roca 
260 |a Puebla:   |b Editorial de la Red Nacional de Investigación Urbana  
300 |a Páginas 145-154 
520 |a Es curioso hay quien ve actualmente el ferrocarril como un artificio del pasado, con la conciencia de que ya no es útil al desarrollo del país, hay quien ve en él un mundo un tanto marginal por el obvio rezago que puede observarse en sus equipos e instalaciones, hay quien sencillamente lo ha visto siempre como el mejor lugar para depositar la basura, puesto que se la lleve bien lejos, pero hay también quien lo ha visto como un modus vivendi aractivo al que ha dedicado toda su vida, o bien, quien sueña con un ferrocarril no sólo conducido sino también administrado por los propios trabajadores, rentable y capaz de ayudarlos a dejar atrás la pobreza.  
650 |a IDENTIDAD CULTURAL  
650 |a FERROCARRILES  
650 |a TRABAJADORES  
650 |a POBREZA  
650 |a CULTURA  
650 |a MEXICO  
942 |2 ddc  |c LI 
773 0 |0 19414  |9 1024  |a Universidad Autónoma de Puebla   |d Puebla: Editorial de la Red Nacional de Investigación Urbana   |o 00706  |t Cultura y territorio identidad y modos de vida :   |w (cru CIDCACS/IIS)36278  |z 968-6934-12-X  
999 |c 8816  |d 8816